| 000 | 00398nam a22001697a 4500 | ||
|---|---|---|---|
| 003 | SGT | ||
| 020 | _a9780323596282 | ||
| 082 |
_a617.473 _bM21R |
||
| 100 | _aREESE, NANCY BERRYMAN | ||
| 245 | _aMUSCLE AND SENSORY TESTING | ||
| 250 | _a4TH | ||
| 260 |
_aMISSOURI _bELSEVIER PUB _c2021 |
||
| 300 | _a629 | ||
| 650 | _aPHYSIOTHERAPY | ||
| 653 | _aMUSCLE AND SENSORY TESTING | ||
| 942 |
_2ddc _cBK |
||
| 999 |
_c23443 _d23443 |
||